Business, Government, and Society (Record no. 7264)

MARC details
000 -LEADER
fixed length control field 00674nam a22002177i 4500
003 - CONTROL NUMBER IDENTIFIER
control field URS
005 - DATE AND TIME OF LATEST TRANSACTION
control field 20220114152701.0
008 - FIXED-LENGTH DATA ELEMENTS--GENERAL INFORMATION
fixed length control field 170426b xxu||||| |||| 00| 0 eng d
020 ## - INTERNATIONAL STANDARD BOOK NUMBER
International Standard Book Number 0070614865
040 ## - CATALOGING SOURCE
Description conventions rda
Transcribing agency URSP-College Library
Language of cataloging eng
050 ## - LIBRARY OF CONGRESS CALL NUMBER
Item number 658.4 S3 1997
100 1# - MAIN ENTRY--PERSONAL NAME
Personal name Steiner, George A.
245 ## - TITLE STATEMENT
Title Business, Government, and Society
Remainder of title A Managerial Perspective Text and Cases
Statement of responsibility, etc. George A. Steiner
264 #1 - PRODUCTION, PUBLICATION, DISTRIBUTION, MANUFACTURE, AND COPYRIGHT NOTICE
Place of production, publication, distribution, manufacture United State
Name of producer, publisher, distributor, manufacturer McGraw-Hill Companies,Inc.
Date of production, publication, distribution, manufacture, or copyright notice 1997.
300 ## - PHYSICAL DESCRIPTION
Extent xiii, 657pages
Dimensions 23cm.
336 ## - CONTENT TYPE
Content type term text
Content type code txt
Source rdacontent
337 ## - MEDIA TYPE
Media type term unmediated
Media type code n
Source rdamedia
338 ## - CARRIER TYPE
Carrier type term volume
Carrier type code nc
Source rdacarrier
500 ## - GENERAL NOTE
General note Includes index
942 ## - ADDED ENTRY ELEMENTS (KOHA)
Source of classification or shelving scheme Library of Congress Classification
Koha item type Foreign Books
Holdings
Withdrawn status Source of classification or shelving scheme Damaged status Not for loan Collection code Home library Current library Shelving location Date acquired Total Checkouts Full call number Barcode Date last seen Copy number Price effective from Koha item type
  Library of Congress Classification     Non-fiction Pililla College Library Pililla College Library General Stacks 04/26/2017   658.4 S3 1997 URSPIL-2150 07/25/2018 1 04/26/2017 Foreign Books
  Library of Congress Classification     Non-fiction Pililla College Library Pililla College Library General Stacks 04/26/2017   658.4 S3 1997 URSPIL-2151 07/25/2018 2 04/26/2017 Foreign Books

University of Rizal System
Email us at univlibservices@urs.edu.ph

Visit our Website www.urs.edu.ph/library